000 00307nam a22001337a 4500
008 180314b xxu||||| |||| 00| 0 eng d
020 _a9781851525195
041 _aeng
080 _a030
100 _a24
101 _aenc
245 _athe larouse encyclopedia mythology
_cgraves.r
942 _2udc
_cBK
999 _c44989
_d44989